| 000 | 00681nam a22002057a 4500 | ||
|---|---|---|---|
| 999 |
_c100085 _d100085 |
||
| 005 | 20230526152903.0 | ||
| 010 | _aENG-115161 ENG-137055 | ||
| 020 |
_a9789385755224 _c250.00 |
||
| 035 | _aEN-98693 | ||
| 035 | _aEN-120587 | ||
| 037 | _bDBAD/PUB | ||
| 082 | _a365.6092 | ||
| 100 | _aAmir Khan, Mohammad | ||
| 245 |
_aFramed as a terrorist: _bmy 14-year struggle to prove my innocence / _cby Mohammad Amir Khan [and] Nandita Haksar |
||
| 260 |
_aNew Delhi _bSpeaking Tiger _c2016 |
||
| 270 |
_a4381/4,Ansari Road, Daryaganj, _bNew Delhi _e110002 |
||
| 300 |
_a234p. : _bill. _c20cm(pbk) |
||
| 700 | _aby Haksar, Nandita | ||
| 942 |
_2ddc _cEN _h365.6092 _mAAM |
||